000 00413nam a22001337a 4500
008 160909b xxu||||| |||| 00| 0 eng d
020 _a9789966086518
050 _aPR9377.69.M3 O7
100 _aManirambona, Thierry
_925607
245 _aThe Orchids
_bA story of suffering and courage
_cThierry Manirambona
260 _aNairobi
_bPaulines Publications
_c2012
300 _a94p. ;
_c21cm.
942 _2lcc
_cMONOGRAPH
999 _c125189
_d125189